| 000 | 00536nam a2200169Ia 4500 | ||
|---|---|---|---|
| 999 |
_c22214 _d22214 |
||
| 003 | OSt | ||
| 005 | 20200515090735.0 | ||
| 008 | 190216s9999||||xx |||||||||||||| ||und|| | ||
| 040 | _coclc | ||
| 082 |
_a297.2 _bIQB/R |
||
| 100 |
_a Iqbal, Mohammad _92279 |
||
| 245 | 4 |
_aThe Reconstruction Of Religious Thought In Islam / _cMohammad Iqbal |
|
| 260 |
_bKitab Bhavan, _c1984. _aNew Delhi: |
||
| 300 | _a205p | ||
| 650 | 0 |
_aHistory & geography _vIslamic History _92271 |
|
| 942 |
_cBK _2ddc _h297.2 _iIQB/R _k297.2 _mIQB/R |
||